| 000 | 00542nam a2200217Ia 4500 | ||
|---|---|---|---|
| 003 | GCL | ||
| 008 | 140319s9999 xx 000 0 ara d | ||
| 040 |
_aGCL / _cGCL |
||
| 082 | 0 | 4 |
_a792.015 _bع م |
| 245 | 1 | 0 | _aمسرح الشعب |
| 300 | _a486 ص | ||
| 490 | _a | ||
| 650 | 0 | 4 | _aالمسرح |
| 650 | 0 | 4 | _aالفنون المسرحية |
| 650 | 0 | 4 | _aنقد |
| 650 | 0 | 4 | _aالملهاة |
| 650 | 0 | 4 | _aخيال الظل |
| 650 | 0 | 4 | _aالمسرحية, تأليف |
| 650 | 0 | 4 | _aالمسرح - تاريخ - مصر |
| 942 |
_2ddc _cBK |
||
| 999 |
_c37980 _d37980 |
||